Spravodaj federálneho štatistického úradu

Gespeichert in:
Bibliographische Detailangaben
Format: Schriftenreihe
Sprache:Slowakisch
Veröffentlicht: Bratislava ŠŠÚ 1969
Tags: Tag hinzufügen
Keine Tags, Fügen Sie das erste Tag hinzu!

MARC

LEADER 00000nas2a2200000$$$4500
001 0020917
005 20250730114409.9
041 0 |a slo 
044 |a SK 
245 1 0 |a Spravodaj federálneho štatistického úradu 
264 1 |a Bratislava  |b ŠŠÚ  |c 1969 
300 |a 1 zv. 
773 0 |w eu_un_cat*0020916